00507 2200205 4500001002100000005001500021035002000036008004100056245006000097100001900157250000600176260003600182300001100218084001400229082000800243650001400251990001200265990001200277990001200289INLIS00000000000029120240503081224 a0010-0424000267240503 0 ind 1 aMeraih Sukses Dengan Hidup Berdisiplin /cKhabib Basori aBasori, Khabib a1 aJakarta :bCempaka Putih,c2017 a52 hlm a200 KHA m a200 4aNon Fiksi a0728817 a0728818 a0728819